| 000 | 01319nam2a22002651 4500 | ||
|---|---|---|---|
| 001 | RU\NLR\INFOCOMM17\1000387690 | ||
| 005 | 20250617143943.0 | ||
| 035 | _a(NLR Aleph) 002714764 | ||
| 090 |
_a1816428 _c1816428 |
||
| 100 | _a20040211d1983 |||y0rusy50 ca | ||
| 101 | 0 | _arus | |
| 102 | _aRU | ||
| 105 | _ay ||||||||| | ||
| 200 | 1 |
_aИспользование самолетов-метеолабораторий для исследования тропических циклонов _fГракович, В.Ф., В.В. Ипатов |
|
| 210 |
_d1983 _aБ. м. |
||
| 461 | 0 |
_1001RU\NLR\INFOCOMM17\1000387648 _12001#$aГидрометеорология$eОбзор. информ.$iСерия "Метеорология"$fВНИИ гидрометеорол. информ. - Мировой центр данных$v1983, Вып.6 _91816204 _cОбнинск _d1979- _fВНИИ гидрометеорол. информ. - Мировой центр данных _iСерия "Метеорология" _oОбзор. информ. _tГидрометеорология _v1983, Вып.6 |
|
| 700 | 1 |
_aГракович _bВ.Ф. _4070 |
|
| 701 | 1 |
_aИпатов _bВ.В. _4070 |
|
| 801 | 1 |
_aRU _bInfoComm _c20040211 |
|
| 801 | 0 |
_aRU _bNLR _gPSBO |
|
| 852 |
_aNLR _jП7/1934 |
||
| 942 | _cISSUE | ||
| 980 | _aNB | ||
| 980 | _aRUSPER | ||